000 00439nam a22001817a 4500
003 CEME
005 20210628203018.0
008 210128b xxu||||| |||| 00| 0 eng d
020 _a9780593054277
040 _c.
082 _a813.54 BRO
100 _aBrown, Dan
_99885
245 _aThe lost symbol
260 _aGREAT BRIATIN
_bBANTAM
_c2009
300 _aX,509P
650 _aFREEMENERY -FICTION.SESPENSE
_962851
942 _cBK
_2ddc
999 _c571821
_d571821